00188nam a2200073Ia 4500008004100000100001900041245002800060260002600088170817s9999 xx 000 0 und d aSarit. Susheel 0aHamare tyohar Avam Parv bRakhi Prakashan Agara